Представление документа в формате RUSMARC

ПолеНазваниеЗначение
  Тип записи a
  Библиографический уровень a
001 Контрольный номер 6f45024aa92b45618ead20d250fa9d22
005 Дата корректировки 20260417160005.6
100 Данные общей обработки __
a Данные общей обработки 20260410 ||| 0rusy0189 ca
101 Язык документа 0_
a Язык текста rus
102 Страна публикации __
a Страна публикации RU
200 Заглавие и сведения об ответственности 1_
a Заглавие В зоне неопределённости
e Сведения, относящиеся к заглавию [после постановки онкологического диагноза многие остаются один на один с медицинскими и кадровыми вопросами, а работодатели действуют на ощупь, без понятных правил]
f Первые сведения об ответственности С. Чечилова
461 Уровень набора _0
1 2000
a Будь здоров!
463 Уровень физической единицы _0
1 2000
a № 3
v С. 44-47 : фот.
1 2101
d 2026
1 001d8537e6f1b71483e9c9b4afe055373dc
606 Тематические рубрики 0_
a Основная рубрика Социальная медицина и организация здравоохранения
610 Ключевые слова 0_
a Ключевые слова онкологические заболевания, онкология, онкологические больные, меры поддержки, поддержка онкопациентов, работодатели, работающие женщины, онкодиагноз, трудовая деятельность, алгоритмы адаптации условий труда, адаптация на работе, проблемы с трудоустройством, потеря работы, отсутствие поддержки работодателя, протоколы поддержки сотрудников, социологические исследования
686 Индексы других классификаций __
a Классификационный индекс 51.1
700 Автор _1
a Фамилия Чечилова
b Имя (инициалы) С.
g Полное личное имя Светлана
801 Источник записи _0
a Страна RU
b Организация УОБДЮ
c Дата составления 20260410
g Правила каталогизации RCR
801 Источник записи _1
a Страна RU
b Организация УОБДЮ
c Дата составления 20260410
g Правила каталогизации RCR
901 Тип документа __
t Тип документа b
w Контрольный № источника d8537e6f1b71483e9c9b4afe055373dc
905 Данные по созданию БЗ __
b Логин пользователя, который создал БЗ ibo3